[Event "Tourn. n9550"]
[Site "www.chess-mail.com"]
[Date "2017.11.25"]
[Round "1"]
[White "Azulmarino"]
[Black "Jjmcbride"]
[WhiteElo "1600"]
[BlackElo "1600"]
[Result "0-1"]
[Round "1"]
1.e4 e5
2.Ng1f3 d6
3.Nb1c3 a6
4.Bf1c4 b5
5.Bc4d5 c6
6.Bd5b3 h6
7.d4 Qd8f6
8.dxe5 dxe5
9.Bc1e3 Nb8d7
10.O-O Bf8d6
11.Qd1d3 g5
12.Nc3e2 g4
13.Nf3e1 Ng8e7
14.Ne2g3 Bd6c5
15.Be3xc5 Nd7xc5
16.Qd3c3 Nc5xb3
17.axb3 O-O
18.f3 Qf6g5
19.Ra1d1 f5
20.Qc3xe5 Ne7g6
21.Ng3xf5 Ng6xe5
{ resign }
0-1

[Event "Tourn. n9469"]
[Site "www.chess-mail.com"]
[Date "2017.11.25"]
[Round "1"]
[White "Rons"]
[Black "Gvladutz"]
[WhiteElo "2550"]
[BlackElo "2379"]
[Result "1-0"]
[Round "1"]
1.e4 e5
2.Ng1f3 Nb8c6
3.Bf1b5 a6
4.Bb5a4 Ng8f6
5.O-O Bf8e7
6.Rf1e1 b5
7.Ba4b3 d6
8.c3 O-O
9.h3 Nc6a5
10.Bb3c2 c5
11.d4 Qd8c7
12.Nb1d2 Bc8d7
13.Nd2f1 Rf8e8
14.d5 h6
15.b3 c4
16.Nf1e3 cxb3
17.axb3 Na5b7
18.Bc1d2 Nb7c5
19.Qd1b1 a5
20.b4 axb4
21.Ra1xa8 Re8xa8
22.cxb4 Nc5a4
23.Bc2d3 Na4b6
24.Re1c1 Qc7a7
25.Rc1c2 Qa7a1
26.Qb1e1 Qa1xe1
27.Nf3xe1 Be7d8
28.g4 g6
29.f3 Nf6e8
30.Kf2 Ra8a3
31.Rc2c3 Ra3a7
32.Ne1c2 Bd8g5
33.Rc3a3 Ra7xa3
34.Nc2xa3 Ne8c7
35.Ke2 Nb6a4
36.Ne3d1 Bg5xd2
37.Kxd2 Kf8
38.Bd3c2 Na4b6
39.Nd1c3 Ke7
40.Bc2d3 Nc7a6
41.Na3c2 Na6c7
42.Bd3f1 Nb6a4
43.Nc3xa4 bxa4
44.Nc2a3 f5
45.Kc3 fxe4
46.fxe4 h5
47.gxh5 gxh5
48.b5 Nc7e8
49.Kb4 Ne8f6
50.Bf1g2 Kd8
51.Na3c4 Nf6e8
52.Kxa4 Kc7
53.Ka5 Kb7
54.h4 Bd7g4
55.Bg2f1 Bg4f3
56.Bf1d3 Bf3g4
57.b6 Ka8
58.Ka6 Bg4c8
59.Kb5 Bc8d7
60.Kb4 Kb7
61.Ka5 Bd7h3
62.Nc4a3 Ka8
63.Na3b5 Bh3c8
64.Bd3e2 Ne8f6
65.Nb5xd6 Bc8g4
66.Be2d3 Kb8
67.Nd6f7 Nf6d7
68.Bd3a6 Bg4h3
69.Nf7d8 Nd7c5
70.Nd8c6 Ka8
71.Kb5 Nc5xa6
72.Kxa6 Bh3c8
73.Kb5 Bc8d7
74.Kc5 Bd7e8
75.Nc6xe5 Kb7
76.Ne5c6 Be8d7
77.Nc6d8 Kb8
78.b7 Ka7
79.Kd6 Bd7b5
80.Kc7 { resign }
1-0

[Event "Tourn. n9577"]
[Site "www.chess-mail.com"]
[Date "2017.11.25"]
[Round "1"]
[White "Roque1"]
[Black "Dussek"]
[WhiteElo "1840"]
[BlackElo "1780"]
[Result "1-0"]
[Round "1"]
1.e4 e6
2.d4 d5
3.e5 c5
4.Ng1f3 Nb8c6
5.Bc1e3 c4
6.b3 Bf8b4
7.Nb1d2 Ng8h6
8.Bf1e2 Nh6f5
9.Be3g5 Qd8d7
10.O-O h6
11.Bg5f4 Nc6xd4
12.bxc4 Nd4xe2
13.Qd1xe2 d4
14.Nd2b3 O-O
15.Ra1d1 Bb4c3
16.Rd1d3 b6
17.Rf1d1 Bc8b7
18.Rd3xc3 Qd7c6
19.Nb3xd4 Nf5xd4
20.Rd1xd4 Ra8d8
21.Rc3d3 Qc6c7
22.Nf3d2 Rd8xd4
23.Rd3xd4 Qc7c6
24.Nd2e4 f5
25.Rd4d6 Qc6xe4
26.Qe2xe4 Bb7xe4
27.Rd6xe6 Be4xc2
28.Re6d6 Rf8c8
29.e6 Rc8xc4
30.Rd6d8 Kh7
31.g3 g5
32.Bf4b8 Bc2e4
33.Kf1 a5
34.e7 Be4c6
35.Rd8d6 h5
36.Rd6xc6 { resign }
1-0

[Event "Match"]
[Site "www.echecsemail.com"]
[Date "2017.11.25"]
[Round "1"]
[White "Canario"]
[Black "Joaodelisboa"]
[WhiteElo "1900"]
[BlackElo "1839"]
[Result "0-1"]
[Round "1"]
1.e4 c5
2.Ng1f3 e6
3.d4 cxd4
4.Nf3xd4 Ng8f6
5.e5 Nf6d5
6.Bf1c4 Nd5b6
7.Bc4b3 a6
8.Nb1c3 d5
9.exd6 Bf8xd6
10.Bc1e3 Bd6c5
11.Nd4xe6 Qd8xd1
12.Ra1xd1 Bc8xe6
13.Bb3xe6 Bc5xe3
14.Be6xf7 Kxf7
15.fxe3 Rh8e8
16.O-O Kg8
17.e4 Nb6c4
18.Rd1d7 Nb8xd7
19.b3 Nc4e5
20.Nc3d5 Ra8c8
21.Rf1f2 Ne5g6
22.c4 Re8xe4
23.g3 Rc8e8
24.Kg2 Re4e2
{ resign }
0-1

[Event "Match"]
[Site "www.echecsemail.com"]
[Date "2017.11.25"]
[Round "1"]
[White "Apdash"]
[Black "Ditto"]
[WhiteElo "1949"]
[BlackElo "1930"]
[Result "1/2-1/2"]
[Round "1"]
1.d4 d5
2.Ng1f3 c6
3.e3 Bc8g4
4.Bf1e2 e6
5.Nb1d2 Bf8b4
6.c3 Bb4d6
7.Nf3e5 Bg4xe2
8.Qd1xe2 Ng8f6
9.O-O Nb8d7
10.f4 Bd6c7
11.Nd2f3 Nd7xe5
12.fxe5 Nf6e4
13.Nf3d2 Ne4g5
14.e4 h6
15.exd5 cxd5
16.Qe2b5 Kf8
17.Qb5xb7 Bc7b6
18.Nd2f3 Ra8b8
19.Qb7a6 Ng5e4
20.Nf3d2 Ne4g5
21.Nd2f3 Ng5e4
22.Nf3d2 Ne4g5
23.Nd2f3 Ng5e4
24.Nf3d2 Ne4g5
25.Nd2f3 Ng5e4
26.Nf3d2 Ne4g5
27.a4 Qd8e7
28.b3 Qe7c7
29.Bc1a3 Kg8
30.Ra1c1 Kh7
31.Ba3d6 Qc7b7
32.Qa6d3 Kg8
33.Bd6xb8 Qb7xb8
34.Kh1 Qb8d8
35.b4 Qd8e8
36.a5 Bb6d8
37.Rf1f4 Ng5h7
38.Rc1f1 Nh7g5
39.h4 Ng5h7
40.Qd3a6 Qe8e7
41.Rf4xf7 Qe7xh4
42.Kg1 Nh7g5
43.Rf7f2 Qh4g3
44.Rf2f3 Qg3g4
45.Rf3f8 
1/2-1/2

[Event "Match"]
[Site "www.echecsemail.com"]
[Date "2017.11.25"]
[Round "1"]
[White "Bjonil60"]
[Black "Jopesilo"]
[WhiteElo "1510"]
[BlackElo "1759"]
[Result "0-1"]
[Round "1"]
1.Nb1c3 e5
2.e4 Ng8f6
3.Qd1e2 Nb8c6
4.Ng1f3 Bf8b4
5.a3 Bb4e7
6.Nc3a2 O-O
7.d3 Rf8e8
8.Na2c3 d5
9.exd5 Nf6xd5
10.Nc3xd5 Qd8xd5
11.c4 Qd5d8
12.h3 f5
13.Nf3h2 Nc6d4
14.Qe2d1 c5
15.Bc1e3 Qd8a5
16.Be3d2 Qa5b6
17.b3 Qb6xb3
18.Qd1c1 Nd4c2
19.Ke2 Nc2xa1
20.Qc1xa1 Be7f6
21.g3 e4
22.dxe4 Re8xe4
23.Bd2e3 Bf6xa1
24.Bf1g2 Qb3xc4
25.Kf3 g5
26.Bg2f1 g4
27.hxg4 fxg4
28.Kg2 Qc4d5
29.Kg1 Re4e5
30.Bf1e2 Re5h5
31.Be2xg4 Bc8xg4
32.Nh2xg4 Rh5xh1

0-1

[Event "Match"]
[Site "www.echecsemail.com"]
[Date "2017.11.25"]
[Round "1"]
[White "Apdash"]
[Black "Add"]
[WhiteElo "2280"]
[BlackElo "2190"]
[Result "1-0"]
[Round "1"]
1.f4 e6
2.Ng1f3 d5
3.e3 Ng8f6
4.Bf1e2 Nb8c6
5.O-O d4
6.d3 Bf8c5
7.e4 Nf6xe4
8.dxe4 d3
9.Kh1 dxe2
10.Qd1xe2 h6
11.c3 Bc8d7
12.f5 exf5
13.exf5 Qd8e7
14.Qe2c2 O-O-O
15.b4 Bc5d6
16.b5 Nc6e5
17.Nf3xe5 Qe7xe5
18.Bc1f4 Qe5xb5
19.Nb1d2 Bd7xf5
20.Qc2c1 Rh8e8
21.a4 Qb5d5
22.c4 Qd5e6
23.Bf4xd6 Rd8xd6
24.Nd2f3 g5
25.c5 Rd6d5
26.Qc1c3 c6
27.a5 a6
28.Ra1e1 Qe6d7
29.Nf3e5 Re8xe5
30.Re1xe5 Bf5e6
31.Re5xd5 Be6xd5
32.Rf1e1 Kb8
33.Qc3h8 Ka7
34.Qh8b2 { resign }
1-0

[Event "1/16 Finale"]
[Site "www.chess-mail.com"]
[Date "2017.11.25"]
[Round "1"]
[White "Vega"]
[Black "Chessington"]
[WhiteElo "2530"]
[BlackElo "2720"]
[Result "0-1"]
[Round "1"]
1.e4 e6
2.d4 d5
3.Nb1c3 Ng8f6
4.e5 Nf6d7
5.f4 c5
6.Ng1f3 Bf8e7
7.Bc1e3 b6
8.Bf1e2 Nb8c6
9.O-O O-O
10.Qd1e1 Bc8b7
11.Ra1d1 Ra8c8
12.Qe1g3 f5
13.exf6 Rf8xf6
14.a3 Be7d6
15.Nc3b5 Bd6b8
16.Be2d3 Nc6e7
17.Qg3h3 Rf6h6
18.Qh3g3 c4
19.Bd3e2 Ne7f5
20.Qg3f2 Nd7f6
21.Nf3g5 Rh6g6
22.g4 Nf6e4
23.Ng5xe4 dxe4
24.Nb5c3 Qd8e7
25.Be3c1 Rc8f8
26.d5 e3
27.Bc1xe3 h5
28.h3 exd5
29.Be3d4 Bb8d6
30.Rf1e1 Nf5xd4
31.Rd1xd4 Bd6c5
32.Re1d1 Rf8xf4
33.Qf2xf4 Rg6f6
34.Qf4d2 Qe7e5
35.Nc3e4 Qe5xe4
36.Be2f1 hxg4
37.Bf1g2 Qe4e5
38.hxg4 Rf6h6
39.Kf1 c3
40.bxc3 Bb7a6
41.Kf2 Qe5h2
42.Qd2g5 Bc5xd4
43.Rd1xd4 Rh6f6
{ resign }
0-1

[Event "Tourn. n9605"]
[Site "www.chess-mail.com"]
[Date "2017.11.26"]
[Round "1"]
[White "Falcoale"]
[Black "Bigrezi"]
[WhiteElo "2000"]
[BlackElo "2220"]
[Result "0-1"]
[Round "1"]
1.e4 e5
2.Ng1f3 Nb8c6
3.Bf1c4 Ng8f6
4.Nb1c3 Nf6xe4
5.Nc3xe4 d5
6.Bc4b3 dxe4
7.Nf3g1 Bf8c5
8.Ng1e2 Bc8g4
9.O-O Nc6d4
 { time }
0-1

[Event "Tourn. n9510"]
[Site "www.chess-mail.com"]
[Date "2017.11.26"]
[Round "1"]
[White "Falcoale"]
[Black "Ssharp"]
[WhiteElo "2010"]
[BlackElo "2190"]
[Result "0-1"]
[Round "1"]
1.e4 e6
2.d4 d5
3.e5 c5
4.Ng1f3 Nb8c6
5.c3 Qd8b6
6.Bf1e2 Bc8d7
7.O-O Ng8e7
8.Nb1a3 cxd4
9.cxd4 Ne7f5
10.Na3c2 g6
11.b3 h6
12.Bc1b2 Bf8e7
13.Ra1c1 O-O
14.Nc2e3 Nf5g7
15.a3 Ra8c8
16.b4 a6
17.Ne3g4 h5
18.Ng4e3 f5
19.h3 Ng7e8
20.Nf3h2 Ne8g7
21.Nh2f3 Kh7
22.Ne3c2 Ng7e8
23.Nc2e1 Ne8c7
24.Ne1d3 Qb6a7
25.Nd3c5 Bd7e8
26.Rc1c2 Qa7a8
27.Qd1d2 b6
28.Nc5d3 Nc6d8
29.Bb2c1 Nd8f7
30.Nd3f4 Be8d7
31.Nf3h2 Be7g5
32.Nh2f3 Bg5h6
33.Qd2d1 Bd7a4
 { time }
0-1

[Event "Tourn. n9556"]
[Site "www.chess-mail.com"]
[Date "2017.11.26"]
[Round "1"]
[White "Tevere"]
[Black "Prize64"]
[WhiteElo "1950"]
[BlackElo "1920"]
[Result "1/2-1/2"]
[Round "1"]
1.d4 d5
2.c4 c6
3.Nb1c3 Ng8f6
4.Ng1f3 e6
5.e3 Nb8d7
6.Bf1e2 dxc4
7.Be2xc4 b5
8.Bc4e2 Bc8b7
9.a3 a6
10.O-O c5
11.dxc5 Bf8xc5
12.Qd1c2 Ra8c8
13.Rf1d1 Qd8e7
14.b4 Bc5b6
15.Bc1b2 O-O
16.Nf3g5 h6
17.Ng5f3 Nf6e4
18.Qc2d3 Ne4xc3
19.Bb2xc3 Nd7f6
20.Bc3e5 Rf8d8
21.Nf3d4 Bb7d5
22.Qd3b1 Nf6e4
23.Nd4f3 Ne4c3
24.Be5xc3 Rc8xc3
25.e4 Bd5b7
26.Rd1d3 Rc3xd3
27.Be2xd3 Qe7f6
28.Ra1a2 Qf6c3
29.Bd3f1 Rd8c8
30.Nf3e1 Qc3c1
31.Qb1xc1 Rc8xc1
32.Ne1d3 Rc1c3
33.e5 Bb7d5
34.Ra2d2 Rc3xa3
35.Rd2d1 Ra3a2
36.Rd1c1 Bd5c4
37.Nd3c5 Bc4xf1
38.Kxf1 a5
39.Nc5d7 Bb6xf2
40.Rc1c8 Kh7
41.Nd7f8 { draw }
1/2-1/2

[Event "Tourn. n9541"]
[Site "www.chess-mail.com"]
[Date "2017.11.26"]
[Round "1"]
[White "Falcoale"]
[Black "Odin"]
[WhiteElo "1970"]
[BlackElo "1830"]
[Result "0-1"]
[Round "1"]
1.e4 d5
2.exd5 Qd8xd5
3.Nb1c3 Qd5d8
4.Ng1f3 Ng8f6
5.h3 g6
6.Bf1c4 Nb8d7
7.O-O Bf8g7
8.Nf3g5 e6
9.d3 O-O
10.Rf1e1 Nd7c5
11.b4 h6
12.bxc5 hxg5
13.Bc1xg5 c6
14.Nc3e4 b5
15.Bc4b3 a5
16.a4 b4
17.Qd1f3 Bc8a6
18.Bg5xf6 Qd8c7
19.Bf6xg7 Kxg7
20.Qf3f6 Kg8
21.Qf6g5 Kg7
22.Qg5f6 Kg8
23.Ne4g5 Ra8e8
24.Re1e4 Qc7e7
25.Qf6f4 Qe7xc5
26.Qf4h4 Kg7
27.Re4f4 f5
28.Ng5xe6 Re8xe6
29.Bb3xe6 Rf8e8
30.Be6b3 Qc5e5
 { time }
0-1

[Event "Tourn. n9511"]
[Site "www.chess-mail.com"]
[Date "2017.11.26"]
[Round "1"]
[White "Falcoale"]
[Black "Ditto"]
[WhiteElo "1990"]
[BlackElo "1900"]
[Result "0-1"]
[Round "1"]
1.e4 e5
2.Ng1f3 Nb8c6
3.Bf1c4 Ng8f6
4.d3 Bf8c5
5.Bc1g5 d6
6.Nb1c3 Bc8g4
7.h3 Bg4d7
8.Nc3d5 Bc5b4
9.Nd5xb4 Nc6xb4
10.a3 Nb4c6
11.O-O Qd8e7
12.d4 exd4
13.Nf3xd4 Nc6e5
14.Bc4a2 O-O-O
15.f4 Ne5c6
16.Nd4xc6 Bd7xc6
17.Ba2d5 Bc6xd5
18.exd5 Rd8e8
19.Qd1d4 h6
20.Bg5h4 Qe7e3
21.Bh4f2 Qe3xd4
22.Bf2xd4 Nf6xd5
23.g3 a6
24.Ra1e1 f6
25.c4 Nd5e7
26.f5 Ne7c6
27.Bd4c3 h5
28.Rf1f2 Nc6d8
29.Re1f1 Re8e3
30.Rf2f3 Rh8e8
31.g4 hxg4
32.hxg4 { time. }
0-1

[Event "Tourn. n9617"]
[Site "www.chess-mail.com"]
[Date "2017.11.26"]
[Round "1"]
[White "Rons"]
[Black "Coolant"]
[WhiteElo "2660"]
[BlackElo "2360"]
[Result "1-0"]
[Round "1"]
1.e4 e5
2.Ng1f3 Nb8c6
3.Bf1b5 f5
4.Nb1c3 fxe4
5.Nc3xe4 Ng8f6
6.Ne4xf6 Qd8xf6
7.Qd1e2 Bf8e7
8.Bb5xc6 dxc6
9.Nf3xe5 Bc8f5
10.d3 O-O-O
11.O-O Be7d6
12.Ne5c4 h5
13.Qe2f3 Qf6g6
14.Bc1d2 Rh8e8
15.Rf1e1 Bf5g4
16.Nc4xd6 cxd6
17.Qf3g3 Qg6f7
18.Re1xe8 Qf7xe8
19.f3 Bg4f5
20.Qg3xg7 Qe8e2
21.Qg7g5 { resign }
1-0

[Event "Tourn. n9573"]
[Site "www.chess-mail.com"]
[Date "2017.11.26"]
[Round "1"]
[White "Falcoale"]
[Black "Ditto"]
[WhiteElo "2020"]
[BlackElo "1880"]
[Result "0-1"]
[Round "1"]
1.e4 e5
2.Ng1f3 Nb8c6
3.Bf1c4 Ng8f6
4.d3 Bf8b4
5.c3 Bb4c5
6.O-O d6
7.Bc1g5 Bc8g4
8.h3 Bg4d7
9.Nb1d2 Nc6b8
10.b4 Bc5b6
11.d4 exd4
12.cxd4 a6
13.e5 h6
14.Bg5h4 Nb8c6
15.exf6 g6
16.Qd1b3 O-O
 { time }
0-1

[Event "Tourn. n9585"]
[Site "www.chess-mail.com"]
[Date "2017.11.26"]
[Round "1"]
[White "Begory"]
[Black "Passaroa25"]
[WhiteElo "1620"]
[BlackElo "1670"]
[Result "1-0"]
[Round "1"]
1.d4 c6
2.Bc1f4 d5
3.Nb1c3 Nb8d7
4.e3 Nd7b6
5.Bf1d3 Qd8d7
6.Ng1f3 e6
7.O-O Bf8d6
8.Bf4xd6 Qd7xd6
9.Rf1e1 Bc8d7
10.e4 Qd6c7
11.e5 Nb6c4
12.Bd3xc4 dxc4
13.Nf3d2 b5
14.Qd1g4 g6
15.Re1e3 O-O-O
16.h3 Ng8h6
17.Qg4f3 Nh6f5
18.Re3e4 Nf5h4
19.Re4xh4 Rd8f8
20.Nd2e4 Kd8
21.Ne4g5 Kc8
22.Rh4xh7 f5
23.Ng5xe6 Bd7xe6
24.Rh7xc7 Kxc7
25.a4 a6
26.axb5 Be6d5
27.Nc3xd5 cxd5
28.Ra1xa6 Rf8d8
29.Qf3a3 Kb7
30.Ra6a7 Kc8
31.Qa3a6 Kb8
32.Qa6b7 
1-0

[Event "Tourn. n9590"]
[Site "www.chess-mail.com"]
[Date "2017.11.26"]
[Round "1"]
[White "Bojan"]
[Black "Falcoale"]
[WhiteElo "1970"]
[BlackElo "2000"]
[Result "1-0"]
[Round "1"]
1.e4 c5
2.Ng1f3 Nb8c6
3.Nb1c3 e6
4.d3 a6
5.Bc1f4 b5
6.Nc3e2 Bc8b7
7.g3 d6
8.c3 Ng8f6
9.Bf1g2 Bf8e7
10.h3 O-O
11.g4 h6
12.Ne2g3 e5
13.Bf4e3 Ra8b8
14.Ng3f5 Rf8e8
15.Nf5xe7 Nc6xe7
16.Nf3h4 Ne7g6
17.Nh4xg6 fxg6
18.f4 d5
19.Qd1b3 Kh8
20.Qb3c2 dxe4
21.dxe4  { time }
1-0

[Event "Tourn. n9598"]
[Site "www.chess-mail.com"]
[Date "2017.11.26"]
[Round "1"]
[White "Jackbauer"]
[Black "Joaodelisboa"]
[WhiteElo "1930"]
[BlackElo "2019"]
[Result "0-1"]
[Round "1"]
1.e4 c5
2.f4 e6
3.Ng1f3 d6
4.Nb1c3 Nb8c6
5.Bf1b5 Bc8d7
6.O-O g6
7.Rf1e1 Bf8g7
8.Bb5xc6 Bd7xc6
9.d3 Ng8e7
10.Bc1d2 O-O
11.a3 Qd8b6
12.b3 d5
13.e5 d4
14.Nc3e4 Bc6xe4
15.Re1xe4 Ne7d5
16.g3 Rf8d8
17.a4 a5
18.h4 Qb6c6
19.Re4e1 Nd5b4
20.Bd2xb4 cxb4
21.g4 Ra8c8
22.Re1e2 Qc6xf3
23.Qd1f1 Qf3xg4
24.Qf1g2 Qg4xg2
25.Re2xg2 Rc8c5
26.Kf1 Rd8c8
27.Ra1a2 f6
28.h5 Kf7
29.Rg2h2 fxe5
30.h6 Bg7f6
31.Rh2f2 exf4
32.Kg2 Rc5g5
33.Kf1 e5
34.Ke2 Rg5h5
{ resign }
0-1

[Event "Tourn. n9589"]
[Site "www.chess-mail.com"]
[Date "2017.11.26"]
[Round "1"]
[White "Luban"]
[Black "Falcoale"]
[WhiteElo "2070"]
[BlackElo "2020"]
[Result "1-0"]
[Round "1"]
1.d4 Ng8f6
2.c4 e6
3.a3 b6
4.e3 Bc8b7
5.Ng1f3 d5
6.Nb1c3 c6
7.Bf1e2 c5
8.O-O Bf8d6
9.dxc5 bxc5
10.b3 Nb8c6
11.Bc1b2 O-O
12.Kh1 a6
13.cxd5 exd5
14.Nc3xd5 Nf6xd5
15.Qd1xd5 Nc6a5
16.Qd5d1 Ra8b8
17.Bb2c3 Na5xb3
18.Ra1b1 c4
19.Be2xc4 Nb3c5
20.Bc3b4 Qd8c7
{ time. }
1-0

[Event "Tourn. n9586"]
[Site "www.chess-mail.com"]
[Date "2017.11.26"]
[Round "1"]
[White "Falcoale"]
[Black "Ditto"]
[WhiteElo "2020"]
[BlackElo "1850"]
[Result "0-1"]
[Round "1"]
1.e4 e5
2.Ng1f3 Nb8c6
3.Bf1c4 Ng8f6
4.Nb1c3 Bf8b4
5.Bc4d3 d6
6.a3 Bb4a5
7.O-O Bc8g4
8.h3 Bg4d7
9.b4 Ba5b6
10.Bc1b2 Nf6h5
11.Nc3d5 Nh5f4
12.Nd5xb6 axb6
 { time }
0-1

[Event "Tourn. n9537"]
[Site "www.chess-mail.com"]
[Date "2017.11.26"]
[Round "1"]
[White "Falcoale"]
[Black "Norlavuaram"]
[WhiteElo "2000"]
[BlackElo "2070"]
[Result "0-1"]
[Round "1"]
1.e4 e5
2.Ng1f3 Nb8c6
3.Bf1c4 Bf8e7
4.O-O Ng8f6
5.d3 h6
6.a3 O-O
7.b4 a6
8.Bc1b2 d6
9.h3 b5
10.Bc4a2 Bc8d7
11.Nb1c3 Kh8
12.Nc3e2 Nf6g8
13.Nf3h2 f5
14.f4 fxe4
15.dxe4 Ng8f6
16.fxe5 Nc6xe5
17.Ne2g3 Bd7c6
18.Ng3f5 Bc6xe4
19.Bb2xe5 Be4xf5
20.Be5b2 Bf5h7
21.Nh2g4 Qd8d7
22.c4 bxc4
23.Ba2xc4 a5
24.Ng4xf6 Be7xf6
25.Bb2xf6 Rf8xf6
26.Rf1xf6 gxf6
 { time }
0-1

[Event "Tourn. n9548"]
[Site "www.chess-mail.com"]
[Date "2017.11.26"]
[Round "1"]
[White "Falcoale"]
[Black "Malbertan"]
[WhiteElo "2010"]
[BlackElo "1930"]
[Result "0-1"]
[Round "1"]
1.e4 e5
2.Ng1f3 Nb8c6
3.Bf1c4 Ng8f6
4.d3 Bf8c5
5.O-O O-O
6.h3 d6
7.a3 Bc8e6
8.Bc1g5 Be6xc4
9.dxc4 h6
10.Bg5h4 Nc6d4
11.Nf3xd4 Bc5xd4
12.c3 Bd4b6
13.Nb1d2 g5
14.Bh4g3 Qd8d7
15.Qd1c2 Nf6h5
16.Ra1d1 Nh5xg3
17.Rf1e1 g4
18.hxg4 Qd7xg4
19.Nd2f3 f5
20.Nf3h2 Qg4h4
21.b4 Ng3xe4
22.Re1e2 Rf8f6
23.a4 a5
24.c5 dxc5
25.Nh2f3 Qh4f4
26.Qc2d3 cxb4
27.Qd3d5 Kg7
28.Qd5d7 Kg6
 { time }
0-1

[Event "Tourn. n9555"]
[Site "www.chess-mail.com"]
[Date "2017.11.26"]
[Round "1"]
[White "Falcoale"]
[Black "Apdash"]
[WhiteElo "2010"]
[BlackElo "2100"]
[Result "0-1"]
[Round "1"]
1.e4 e5
2.Ng1f3 Nb8c6
3.Bf1c4 Bf8e7
4.O-O Ng8f6
5.d3 O-O
6.c3 d5
7.exd5 Nf6xd5
8.Rf1e1 Be7f6
9.h3 Nd5b6
10.Bc4b3 a5
11.Nb1d2 Qd8xd3
12.Bb3c2 Qd3d8
13.Qd1e2 Rf8e8
14.Qe2e4 g6
15.Qe4e2 Bc8e6
16.Nd2e4 Bf6g7
17.Ne4c5 Be6c8
18.Re1d1 Qd8e7
19.Nc5e4 h6
20.Bc1e3 f5
21.Ne4d2 Bc8e6
22.Nd2b3 Nb6c4
23.Ra1b1 Nc4xe3
24.Qe2xe3 b6
25.Nf3d2 Kh7
26.Nd2f3 a4
27.Nb3d2 Be6xa2
28.Rb1a1 Qe7f7
29.Nd2f1 Nc6a5
30.Bc2xa4 Re8e7
31.Nf1d2 f4
32.Qe3e2 Na5c4
33.b3 Nc4b2
34.Ra1xa2 Nb2xd1
35.Qe2xd1 b5
36.Ra2c2 bxa4
37.bxa4 Ra8xa4
38.Rc2c1 Ra4a2
39.Nd2e4 Bg7f6
 { time }
0-1

[Event "Tourn. n9541"]
[Site "www.chess-mail.com"]
[Date "2017.11.26"]
[Round "1"]
[White "Nulladies"]
[Black "Falcoale"]
[WhiteElo "1930"]
[BlackElo "1990"]
[Result "1-0"]
[Round "1"]
1.d4 Ng8f6
2.Bc1f4 Nb8c6
3.e3 e6
4.c3 d5
5.Ng1f3 a6
6.Nb1d2 b5
7.b4 Bf8e7
8.Nd2b3 O-O
9.Nb3c5 Nf6d7
10.Bf1d3 Nd7xc5
11.bxc5 Be7f6
12.Qd1c2 g6
13.h4 b4
14.g4 bxc3
15.Qc2xc3 a5
16.Bd3b5 Bc8d7
17.Nf3e5 Nc6xe5
18.dxe5 Bf6g7
19.Bb5e2 a4
20.Ra1b1 c6
21.O-O Qd8c7
22.h5 Rf8b8
23.hxg6 hxg6
24.Kg2 Bg7f8
25.Bf4g5 Bf8g7
26.f4 Rb8b7
27.Qc3c2 Ra8b8
28.Be2a6 Rb7xb1
29.Rf1xb1 Bg7f8
30.Bg5f6 Rb8xb1
31.Qc2xb1 Qc7a5
32.Ba6e2 Qa5d2
33.Kf3 d4
34.Qb1d3  { time }
1-0

[Event "Tourn. n9551"]
[Site "www.chess-mail.com"]
[Date "2017.11.26"]
[Round "1"]
[White "Luban"]
[Black "Norlavuaram"]
[WhiteElo "2060"]
[BlackElo "2110"]
[Result "1/2-1/2"]
[Round "1"]
1.d4 Ng8f6
2.c4 c5
3.e3 cxd4
4.exd4 d5
5.h3 Nb8c6
6.Bc1e3 e6
7.a3 a5
8.Nb1c3 Bf8e7
9.Ng1f3 O-O
10.Bf1d3 b6
11.O-O Bc8a6
12.cxd5 exd5
13.Ra1c1 Ba6xd3
14.Qd1xd3 Ra8c8
15.Rf1e1 Be7d6
16.Be3g5 h6
17.Bg5xf6 gxf6
18.Nc3xd5 Kg7
19.Nf3h4 Rf8h8
20.Nh4f5 Kf8
21.Nf5xd6 Qd8xd6
22.Nd5xb6 Rc8b8
23.Nb6c4 Qd6xd4
24.Qd3xd4 Nc6xd4
25.Nc4xa5 Rb8xb2
26.Rc1c8 Kg7
27.Rc8xh8 Kxh8
28.Re1e4 Nd4b5
29.Re4b4 Rb2xb4
30.axb4 Kg7
31.Kf1 Kf8
32.Ke2 Ke7
33.Na5c6 Kd6
34.Nc6a5 Kd5
35.Kd3 Nb5c7
36.Na5b3 Nc7b5
37.Nb3d2 Nb5d6
38.f3 { draw }
1/2-1/2

[Event "Tourn. n9597"]
[Site "www.chess-mail.com"]
[Date "2017.11.26"]
[Round "1"]
[White "Apdash"]
[Black "Numanoid"]
[WhiteElo "2270"]
[BlackElo "2400"]
[Result "0-1"]
[Round "1"]
1.e4 Nb8c6
2.d4 d5
3.e5 Bc8f5
4.c3 e6
5.Ng1f3 f6
6.Bc1f4 Qd8d7
7.Bf1d3 Bf5xd3
8.Qd1xd3 O-O-O
9.O-O g5
10.Bf4g3 g4
11.Nf3h4 fxe5
12.dxe5 Bf8g7
13.Rf1e1 Ng8e7
14.Nb1a3 Rd8f8
15.Ra1d1 Ne7f5
16.Nh4xf5 Rf8xf5
17.Na3b5 h5
18.Bg3h4 Bg7xe5
19.c4 d4
20.b3 a6
21.Nb5a3 Nc6e7
22.Bh4xe7 Qd7xe7
23.Na3c2 Be5xh2
24.Kxh2 Qe7h4
25.Kg1 Qh4xf2
26.Kh1 Qf2h4
27.Kg1 g3
28.Qd3xf5 exf5
29.Rd1xd4 Qh4h2
30.Kf1 Qh2h1
31.Ke2 Qh1xg2
32.Kd3 Qg2f3
33.Re1e3 Qf3f1
34.Kd2 g2
{ resign }
0-1

[Event "Tourn. n9597"]
[Site "www.chess-mail.com"]
[Date "2017.11.26"]
[Round "1"]
[White "Destructor"]
[Black "Apdash"]
[WhiteElo "2459"]
[BlackElo "2270"]
[Result "1-0"]
[Round "1"]
1.e4 c5
2.Ng1f3 d6
3.d4 cxd4
4.Nf3xd4 Ng8f6
5.Nb1c3 Nb8c6
6.Bc1g5 a6
7.Qd1d2 Qd8c7
8.Bg5xf6 exf6
9.Nc3d5 Qc7d8
10.Qd2c3 Bc8d7
11.O-O-O Bf8e7
12.Nd4f5 O-O
13.g4 Ra8c8
14.Qc3e3 g6
15.Rh1g1 Bd7xf5
16.gxf5 Rf8e8
17.fxg6 fxg6
18.Bf1h3 Rc8b8
19.Rg1xg6 hxg6
20.Qe3h6 Be7f8
21.Qh6xg6 Bf8g7
22.Rd1g1 Re8e7
23.Nd5xf6 Kf8
24.Bh3e6 { resign }
1-0

[Event "Tourn. n9612"]
[Site "www.chess-mail.com"]
[Date "2017.11.26"]
[Round "1"]
[White "Claymil"]
[Black "Attatroll"]
[WhiteElo "2070"]
[BlackElo "1990"]
[Result "1-0"]
[Round "1"]
1.c4 Ng8f6
2.Nb1c3 e5
3.g3 Bf8b4
4.Bf1g2 c6
5.e3 O-O
6.Ng1e2 d6
7.h3 Nb8d7
8.a3 Bb4xc3
9.Ne2xc3 Nd7b6
10.b3 Bc8e6
11.O-O Qd8d7
12.Kh2 h6
13.Bc1b2 Rf8e8
14.d4 exd4
15.Qd1xd4 Ra8d8
16.Nc3e4 Nf6xe4
17.Qd4xg7 
1-0

[Event "Tourn. n9590"]
[Site "www.chess-mail.com"]
[Date "2017.11.26"]
[Round "1"]
[White "Mitja"]
[Black "Falcoale"]
[WhiteElo "1930"]
[BlackElo "2000"]
[Result "1-0"]
[Round "1"]
1.d4 Ng8f6
2.e3 e6
3.Nb1d2 b6
4.b3 Bc8b7
5.Bc1b2 d5
6.c4 Bf8b4
7.Qd1c2 Nf6e4
8.Ng1f3 O-O
9.Bf1e2 Ne4xd2
10.Nf3xd2 Qd8g5
11.Be2f3 Nb8d7
12.cxd5 Bb7xd5
13.Bf3xd5 Qg5xd5
14.O-O Ra8c8
15.Rf1d1 Rf8d8
16.a3 Bb4e7
17.b4  { time }
1-0

[Event "Tourn. n9591"]
[Site "www.chess-mail.com"]
[Date "2017.11.26"]
[Round "1"]
[White "Luban"]
[Black "Francesco"]
[WhiteElo "2070"]
[BlackElo "2160"]
[Result "0-1"]
[Round "1"]
1.d4 Ng8f6
2.c4 g6
3.e3 Bf8g7
4.Nb1c3 O-O
5.Ng1f3 d5
6.h3 Bc8f5
7.Bf1d3 Bf5xd3
8.Qd1xd3 a6
9.O-O Nb8c6
10.a3 Rf8e8
11.cxd5 Nf6xd5
12.e4 Nd5b6
13.Bc1e3 Nc6e5
14.Nf3xe5 Bg7xe5
15.Rf1d1 Be5g7
16.Ra1c1 e6
17.d5 exd5
18.exd5 Qd8d6
19.b4 Ra8d8
20.Be3xb6 Qd6xb6
21.Nc3a4 Qb6d6
22.Na4c5 Qd6b6
23.Nc5e4 Bg7e5
24.Kh1 f5
25.Ne4c5 Be5f4
26.Rc1c2 c6
27.Qd3b3 Rd8xd5
28.Rc2d2 Bf4xd2
29.Rd1xd2 Qb6c7
30.g3 Kg7
31.Rd2xd5 cxd5
32.Qb3xd5 Qc7c6
33.Qd5xc6 bxc6
34.Nc5xa6 Re8a8
{ resign }
0-1

[Event "Tourn. n9600"]
[Site "www.chess-mail.com"]
[Date "2017.11.26"]
[Round "1"]
[White "Gvladutz"]
[Black "Apdash"]
[WhiteElo "2550"]
[BlackElo "2230"]
[Result "1-0"]
[Round "1"]
1.Ng1f3 d5
2.d4 Nb8c6
3.g3 Ng8f6
4.Bf1g2 Bc8g4
5.Nf3e5 Nc6xe5
6.dxe5 Nf6d7
7.Qd1xd5 c6
8.Qd5d4 Bg4f5
9.e4 Bf5e6
10.O-O Qd8b6
11.Qd4c3 g6
12.Bc1e3 Qb6b5
13.f4 Bf8g7
14.a4 Qb5c4
15.b3 Qc4xc3
16.Nb1xc3 f5
17.Ra1d1 fxe4
18.Nc3xe4 O-O
19.a5 Be6g4
20.Rd1d2 g5
21.Ne4xg5 h6
22.h3 hxg5
23.hxg4 Nd7b8
24.Rf1d1 Kf7
25.Rd2d8 Nb8a6
26.Rd8xa8 Rf8xa8
27.Rd1d7 Ra8b8
28.Be3xa7 Rb8a8
29.Rd7xb7 Ra8d8
30.Bg2xc6 Rd8c8
31.Bc6b5 Na6c7
32.Bb5d7 { resign }
1-0

[Event "Tourn. n9590"]
[Site "www.chess-mail.com"]
[Date "2017.11.26"]
[Round "1"]
[White "Falcoale"]
[Black "Geretree"]
[WhiteElo "2000"]
[BlackElo "1940"]
[Result "0-1"]
[Round "1"]
1.e4 e5
2.Ng1f3 Nb8c6
3.Bf1c4 h6
4.O-O Bf8c5
5.a3 a6
6.b4 Bc5a7
7.Bc1b2 d6
8.c3 Ng8f6
9.Rf1e1 Bc8g4
10.h3 Bg4h5
 { time }
0-1

[Event "Tourn. n9557"]
[Site "www.chess-mail.com"]
[Date "2017.11.26"]
[Round "1"]
[White "Gvladutz"]
[Black "Apdash"]
[WhiteElo "2490"]
[BlackElo "2210"]
[Result "1-0"]
[Round "1"]
1.c4 e5
2.Nb1c3 c6
3.d4 exd4
4.Qd1xd4 d6
5.Ng1f3 Ng8f6
6.e4 Bf8e7
7.Bc1f4 Bc8e6
8.Bf1e2 O-O
9.O-O Qd8b6
10.Qd4xb6 axb6
11.Ra1d1 Rf8d8
12.Nf3d4 Nb8a6
13.Rf1e1 Na6c5
14.a3 Nc5xe4
15.Nc3xe4 Nf6xe4
16.Nd4xe6 fxe6
17.Be2g4 Ne4f6
18.Bg4xe6 Kf8
19.g3 d5
20.Bf4c7 Rd8e8
21.Bc7xb6 dxc4
22.Be6xc4 Ra8a4
23.Bc4b3 Ra4a6
24.Bb6d4 c5
25.Re1xe7 Re8xe7
26.Bd4xc5 Ke8
27.Bc5xe7 Kxe7
28.Rd1e1 Kf8
29.Re1e6 Ra6xe6
30.Bb3xe6 Ke7
31.Be6c8 b6
32.f4 Kd6
33.Kf2 Kc5
34.Ke3 b5
35.Kd3 Nf6e8
36.g4 Ne8d6
37.b4 Kd5
38.Bc8d7 h6
39.h3 g6
40.h4 Nd6e4
41.Bd7c6 Kxc6
42.Kxe4 Kd6
43.f5 gxf5
44.Kxf5 Ke7
45.Kg6 Kf8
46.Kxh6 Kg8
47.g5 Kh8
48.g6 Kg8
49.g7 { resign }
1-0